000 00180nam a2200073Ia 4500
008 170617s9999 xx 000 0 und d
100 _aConn/Stumpt
245 0 _aOutlines of Biochemistry 5/e
260 _bNarosa. Pub
999 _c14746
_d14746